The character of Paul. (Record no. 5162)

000 -LEADER
fixed length control field 00607nam a2200181 a 4500
001 - CONTROL NUMBER
control field :::00002903$&:&@@
003 - CONTROL NUMBER IDENTIFIER
control field OkBaRHE
005 - DATE AND TIME OF LATEST TRANSACTION
control field 20000607103258.0
008 - FIXED-LENGTH DATA ELEMENTS--GENERAL INFORMATION
fixed length control field s1923 j 000 0 eng u
040 ## - CATALOGING SOURCE
Transcribing agency
100 1# - MAIN ENTRY--PERSONAL NAME
Personal name Jefferson, Charles Edward, 1860-1937.
245 14 - TITLE STATEMENT
Title The character of Paul.
260 ## - PUBLICATION, DISTRIBUTION, ETC. (IMPRINT)
Place of publication, distribution, etc New York, NY., :
Name of publisher, distributor, etc The Macmillan Company
Date of publication, distribution, etc 1923
300 ## - PHYSICAL DESCRIPTION
Extent viii, 381 p. ;
Dimensions 21 cm.
650 ## - SUBJECT ADDED ENTRY--TOPICAL TERM
Topical term or geographic name as entry element Paul, the Apostle, Saint
942 ## - ADDED ENTRY ELEMENTS (KOHA)
Source of classification or shelving scheme
Koha item type Books
Copies
Withdrawn status Lost status Source of classification or shelving scheme Damaged status Total Checkouts Price effective from Permanent Location Date acquired Shelving location Not for loan Current Location Copy number Koha item type Date last seen Barcode Date checked out Full call number
    12010-04-14RHEMA Bible Training College2010-04-14General Stacks RHEMA Bible Training College1Books2018-03-1629032010-12-09BS 2505 .J4